000 004770000a22001930004500
001 003410
003 MACL
005 20150902122704.0
008 150902b xxu||||| |||| 00| 0 eng d
040 _aMACL
_cMACL
041 _aEnglish
082 _a808.825/ROY
100 _aRoy, R.N.
_98489
245 _aGeorge Bernard Shaw's Historical Plays
_cR.N. Roy
260 _aNagpur
_c2005
_bRoy Publishers,
350 _a100
650 _aLiterature
_98490
942 _k809
_cBK
_2ddc
999 _c15311
_d15311